000 00981nam a2200289 i 4500
003 DO-SdBNP
005 20240305073656.0
007 ta
008 110413s1992 dr d 000 0 spa d
040 _aDO-SdBNP
_bspa
_cBNPHU
_erda
082 _bB862D
_222
100 _aBrito Torres, Israel
_913141
245 1 0 _aDaniel :
_brelevancia profética y política /
_cIsrael Brito T., J. Adarberto Martínez ; prólogo Pedro Savage
264 1 _aSanto Domingo :
_bEDUNEV,
_c1992.
300 _a164 páginas
_c21 cm.
336 _2rdacontent
_atexto
_btxt
337 _2rdamedia
_asin mediación
_bn
338 _2rdacarrier
_avolumen
_bnc
500 _aIncluye notas a pie de páginas.
504 _aBibliografía p: 159-162
590 _aInventariado, 2023/ YL
700 1 _aMartínez, J. Adarberto
_eautor
_938743
700 1 _aSilié, Rubén,
_d1946-
_eprólogo
_91421
710 _aUniversidad Nacional Evangélica (EDUNEV)
_984282
910 _aYLockward
942 _2ddc
_cLBS1
999 _c54967
_d54967